[Event "Hastings Masters 2019/20"]
[Site "Hastings"]
[Date "2019.12.28"]
[Round "1.1"]
[White "Howell, David W L"]
[Black "Yao, Lan"]
[Result "1-0"]
[WhiteElo "2676"]
[BlackElo "2281"]
[PlyCount "137"]
[EventDate "2019.12.28"]
[EventType "swiss"]
[EventRounds "9"]
[EventCountry "ENG"]

1. g3 Nf6 2. Bg2 d5 3. Nf3 g6 4. c4 c6 5. b3 Bg7 6. Bb2 Nbd7 7. O-O O-O 8. Qc2
Re8 9. d4 Nf8 10. e3 Bf5 11. Qe2 Rc8 12. Rd1 Ne4 13. Ne5 Nd7 14. Nd3 Ndf6 15.
f3 Nd6 16. Nd2 Bxd3 17. Qxd3 Nd7 18. f4 e6 19. c5 Nf5 20. b4 a5 21. a3 b6 22.
Bc3 a4 23. cxb6 Nxb6 24. Rac1 Nd6 25. Rc2 Nbc4 26. Nxc4 Nxc4 27. Be1 Qb6 28.
Rxc4 dxc4 29. Qxc4 Rc7 30. Rc1 Rec8 31. Bf1 Bf8 32. Bf2 Qb7 33. g4 Bd6 34. g5
Rb8 35. Be1 Qb5 36. Qc2 Qf5 37. Qxa4 Qg4+ 38. Bg2 Qe2 39. Bf2 Qb2 40. Rxc6 Rxc6
41. Bxc6 Rc8 42. Kg2 Qc1 43. b5 Bxa3 44. Qa6 Rf8 45. Be4 Bb4 46. b6 Qb2 47. Qb5
Qa3 48. b7 Bd6 49. h4 Bb8 50. h5 gxh5 51. Qe2 f5 52. gxf6 Rxf6 53. Qxh5 Rf7 54.
Qc5 Qxc5 55. dxc5 Kf8 56. Be1 Ke7 57. Bc3 Kd8 58. c6 h6 59. Kg3 Rc7 60. Kg4 Ke7
61. Be5 Kd8 62. Kh5 Ke7 63. Kxh6 Kf7 64. Kh5 Kf8 65. Kg6 Ke7 66. Kg7 Ke8+ 67.
Bxc7 Bxc7 68. Kf6 e5 69. f5 1-0

[Event "Hastings Masters 2019/20"]
[Site "Hastings"]
[Date "2019.12.28"]
[Round "1.25"]
[White "Petrov, Vladimir Sergeev"]
[Black "Unnikrishnan, Midhun P"]
[Result "1/2-1/2"]
[WhiteElo "2355"]
[BlackElo "2135"]
[PlyCount "106"]
[EventDate "2019.12.28"]
[EventType "swiss"]
[EventRounds "9"]
[EventCountry "ENG"]

1. e4 e5 2. Nf3 Nc6 3. Nc3 Nf6 4. d4 exd4 5. Nxd4 Bb4 6. Nxc6 bxc6 7. Bd3 d5 8.
exd5 cxd5 9. O-O O-O 10. Bg5 c6 11. Qf3 Be7 12. Rae1 Rb8 13. b3 Bb4 14. Qg3 Bd7
15. Bd2 Be6 16. Nb1 Bxd2 17. Nxd2 Rb4 18. Nf3 Nh5 19. Qe5 Nf4 20. Bf5 Qb8 21.
a3 Rb6 22. Bxe6 Nxe6 23. Qf5 Qd6 24. Ne5 c5 25. Re3 Nd4 26. Qd3 Rbb8 27. Rfe1
h6 28. b4 Rb7 29. Rd1 Ne6 30. bxc5 Qxc5 31. Qf5 d4 32. Rf3 Rb5 33. a4 Ra5 34.
Re1 d3 35. Qxd3 Rxa4 36. Nxf7 Rxf7 37. Rxf7 Qa5 38. Qe3 Ra1 39. Rxg7+ Kxg7 40.
c3 Rxe1+ 41. Qxe1 Qd5 42. g3 Ng5 43. Qe7+ Qf7 44. Qe5+ Kh7 45. Qc5 Qd7 46. h4
Nf3+ 47. Kg2 Nd2 48. f3 a6 49. g4 Qd3 50. Qe7+ Kg8 51. Qe8+ Kg7 52. Qe7+ Kg8
53. Qe8+ Kg7 1/2-1/2

[Event "Hastings Masters 2019/20"]
[Site "Hastings"]
[Date "2019.12.29"]
[Round "2.2"]
[White "Edouard, Romain"]
[Black "Fishbein, Alexander"]
[Result "1-0"]
[WhiteElo "2653"]
[BlackElo "2435"]
[PlyCount "139"]
[EventDate "2019.12.28"]
[EventType "swiss"]
[EventRounds "9"]
[EventCountry "ENG"]

1. c4 e6 2. Nc3 Bb4 3. Nf3 Nf6 4. g4 h6 5. Rg1 b6 6. Qc2 Bb7 7. a3 Bf8 8. d4 d5
9. g5 hxg5 10. Bxg5 Nbd7 11. O-O-O Bd6 12. cxd5 exd5 13. Nb5 Qe7 14. Rd3 Nf8
15. Nh4 Qd7 16. Nxd6+ cxd6 17. Bxf6 gxf6 18. Bh3 Ne6 19. Rc3 Rc8 20. Nf5 Rxc3
21. Qxc3 Qc6 22. Rg3 Qxc3+ 23. bxc3 Nf4 24. Bg4 Kf8 25. h4 Bc8 26. Nxd6 Be6 27.
Kd2 Rxh4 28. Bxe6 fxe6 29. Rf3 Nh3 30. Kd3 f5 31. Nb5 Ng5 32. Rg3 Ne4 33. Rg2
Rh7 34. a4 a6 35. Na3 Rc7 36. Nb1 Rc4 37. f3 Nf6 38. a5 bxa5 39. Nd2 Rc6 40.
Nb3 Nd7 41. Nxa5 Rb6 42. Rg1 Rb5 43. Ra1 Rb6 44. e4 fxe4+ 45. fxe4 Nb8 46. Ra3
Ke7 47. e5 Nc6 48. Nb3 a5 49. Kc2 Rb5 50. Ra1 Kf7 51. Nc1 a4 52. Rxa4 Ra5 53.
Kb3 Rxa4 54. Kxa4 Ne7 55. Kb5 Nf5 56. Kc6 Ke7 57. Kc7 Ne3 58. Nd3 Nc4 59. Nb4
Ke8 60. Nc6 Kf7 61. Na7 Ke8 62. Nc8 Na3 63. Kd6 Nb5+ 64. Kxe6 Kd8 65. Nb6 Nxc3
66. Kd6 Ne2 67. Kxd5 Kc7 68. e6 Ng3 69. Ke5 Nh5 70. Nd5+ 1-0

[Event "Hastings Masters 2019/20"]
[Site "Hastings"]
[Date "2019.12.29"]
[Round "2.5"]
[White "Stany, GA"]
[Black "Wadsworth, Matthew J"]
[Result "1/2-1/2"]
[WhiteElo "2526"]
[BlackElo "2401"]
[PlyCount "80"]
[EventDate "2019.12.28"]
[EventType "swiss"]
[EventRounds "9"]
[EventCountry "ENG"]

1. e4 e6 2. d4 d5 3. Nd2 h6 4. Ngf3 Nf6 5. e5 Nfd7 6. c4 dxc4 7. Nxc4 Nb6 8.
Nxb6 axb6 9. Bd3 Nc6 10. O-O Nb4 11. Be4 Be7 12. Qb3 Nd5 13. Bd2 Bd7 14. Ne1
Bc6 15. Qg3 g6 16. Nc2 Qd7 17. Rfe1 h5 18. Qf3 g5 19. h3 g4 20. hxg4 hxg4 21.
Qxg4 O-O-O 22. g3 Rdg8 23. Qe2 Rh4 24. Bg2 Nf4 25. Bxf4 Rxf4 26. d5 Bxd5 27.
Rad1 Bc5 28. Ne3 Rd4 29. Nxd5 exd5 30. b4 Rxb4 31. Rxd5 Qe6 32. Rd3 c6 33. a3
Rbg4 34. Kf1 Rh8 35. Red1 Rg5 36. f4 Rgh5 37. Qe4 Qa2 38. R1d2 Qa1+ 39. Rd1 Qa2
40. R1d2 Qa1+ 1/2-1/2

[Event "Hastings Masters 2019/20"]
[Site "Hastings"]
[Date "2019.12.29"]
[Round "2.8"]
[White "Rudd, Jack"]
[Black "Panchanathan, Magesh Chandran"]
[Result "0-1"]
[WhiteElo "2331"]
[BlackElo "2479"]
[PlyCount "68"]
[EventDate "2019.12.28"]
[EventType "swiss"]
[EventRounds "9"]
[EventCountry "ENG"]

1. d4 Nf6 2. c4 e6 3. Nf3 b6 4. g3 Ba6 5. b3 Bb7 6. Bg2 Bb4+ 7. Bd2 a5 8. O-O
O-O 9. a3 Be7 10. Nc3 c6 11. Re1 d5 12. Qc2 Ba6 13. cxd5 cxd5 14. Ne5 Ra7 15.
Bf4 Nh5 16. Be3 Bd6 17. Nf3 h6 18. g4 Nf4 19. Bf1 Rc7 20. Qd2 Ng6 21. Rec1 Nd7
22. a4 Nf6 23. g5 Ng4 24. gxh6 gxh6 25. Nb5 Bxb5 26. axb5 Kh7 27. Bh3 Nxe3 28.
fxe3 f5 29. Kh1 Rg7 30. Rc6 Ne7 31. Rc2 Qe8 32. Qd3 Qh5 33. Bg2 Rfg8 34. Rg1
Rg4 0-1

[Event "Hastings Masters 2019/20"]
[Site "Hastings"]
[Date "2019.12.29"]
[Round "2.10"]
[White "Merriman, John"]
[Black "Bagi, Mate"]
[Result "0-1"]
[WhiteElo "2219"]
[BlackElo "2469"]
[PlyCount "130"]
[EventDate "2019.12.28"]
[EventType "swiss"]
[EventRounds "9"]
[EventCountry "ENG"]

1. d4 Nf6 2. c4 g6 3. f3 c5 4. d5 d6 5. Nc3 Bg7 6. e4 O-O 7. Bg5 h6 8. Be3 e6
9. Qd2 exd5 10. cxd5 Re8 11. Nge2 Nbd7 12. Ng3 h5 13. Be2 a6 14. a4 h4 15. Nf1
Nh7 16. Ra3 f5 17. Bh6 Bd4 18. exf5 gxf5 19. Ne3 Ne5 20. Kd1 Qf6 21. Nc2 Bd7
22. a5 Rab8 23. g3 h3 24. Bf4 b5 25. axb6 Rxb6 26. Nxd4 cxd4 27. Qxd4 Reb8 28.
Rxa6 Rxb2 29. Re1 R8b4 30. Qe3 Ng4 31. fxg4 Rb1+ 32. Kd2 R4b2+ 33. Kd3 Bb5+ 34.
Nxb5 Rb3+ 35. Kc4 Rb4+ 36. Kd3 R1b3+ 37. Kd2 Qb2+ 38. Kd1 Rxe3 39. Bxe3 Qb1+
40. Bc1 Qb3+ 41. Kd2 Qxd5+ 42. Kc2 Qb3+ 43. Kd2 Ng5 44. Rf1 Ne4+ 45. Ke1 Rxb5
46. Bxb5 Qb4+ 47. Kd1 Qb3+ 48. Ke1 Qb4+ 49. Kd1 Qxb5 50. Ra8+ Kg7 51. Ra7+ Kg6
52. gxf5+ Kf6 53. Rf3 Qb6 54. Be3 Qb1+ 55. Bc1 Qb6 56. Be3 Qb3+ 57. Kc1 Qc3+
58. Kd1 Qd3+ 59. Kc1 Qc4+ 60. Kb1 Nc3+ 61. Ka1 Nd1 62. Ra3 Qb4 63. Bc1 Qd4+ 64.
Kb1 Qe4+ 65. Ka1 Qc2 0-1

[Event "Hastings Masters 2019/20"]
[Site "Hastings"]
[Date "2019.12.29"]
[Round "2.12"]
[White "Keetman, Maaike"]
[Black "Arkell, Keith C"]
[Result "0-1"]
[WhiteElo "2203"]
[BlackElo "2453"]
[PlyCount "74"]
[EventDate "2019.12.28"]
[EventType "swiss"]
[EventRounds "9"]
[EventCountry "ENG"]

1. e4 d5 2. exd5 Qxd5 3. Nc3 Qd8 4. d4 Nf6 5. Nf3 Bg4 6. h3 Bxf3 7. Qxf3 c6 8.
Qd3 e6 9. g3 Na6 10. a3 Nc7 11. Bg2 Be7 12. O-O O-O 13. Rd1 a5 14. Na4 b5 15.
Nc5 Bxc5 16. dxc5 Qxd3 17. Rxd3 Ncd5 18. Bg5 h6 19. Bxf6 gxf6 20. b3 Rfb8 21.
c3 Ra7 22. Re1 f5 23. f4 Kg7 24. Kf2 Kf6 25. Bxd5 cxd5 26. Ke3 h5 27. Kd4 Ke7
28. Ra1 Kd7 29. c4 dxc4 30. bxc4 Kc6 31. Ke5 bxc4 32. Rc3 Rb3 33. Rxc4 Re3+ 34.
Kf6 Rd7 35. a4 Rxg3 36. Rb1 Rg6+ 37. Ke5 Rd5# 0-1

[Event "Hastings Masters 2019/20"]
[Site "Hastings"]
[Date "2019.12.29"]
[Round "2.55"]
[White "Bryant, Marc A"]
[Black "Dewangan, Aayush"]
[Result "1-0"]
[WhiteElo "1823"]
[BlackElo "1548"]
[PlyCount "135"]
[EventDate "2019.12.28"]
[EventType "swiss"]
[EventRounds "9"]
[EventCountry "ENG"]

1. e4 c5 2. f4 d6 3. h3 g6 4. Nf3 Bg7 5. d3 Nc6 6. c3 e6 7. Be3 Nge7 8. Be2 O-O
9. g4 f5 10. Nbd2 b6 11. g5 d5 12. e5 Bb7 13. h4 Rc8 14. h5 Ba6 15. Qa4 Bb7 16.
Qc2 d4 17. Bf2 Nd5 18. Rh4 Rc7 19. Nc4 dxc3 20. bxc3 Qa8 21. Nd6 Nce7 22. a3
gxh5 23. Nxb7 Qxb7 24. c4 Ng6 25. cxd5 Nxh4 26. Nxh4 Qxd5 27. Bf3 Qd7 28. Bxh5
Rd8 29. Rd1 Qe7 30. a4 c4 31. d4 Qb4+ 32. Kf1 c3 33. Rb1 Qc4+ 34. Be2 Qd5 35.
Bf3 Qc4+ 36. Be2 Qd5 37. Nf3 Qe4 38. Qxe4 fxe4 39. Ne1 c2 40. Rc1 Rd5 41. Rxc2
Rxc2 42. Nxc2 Ra5 43. Bb5 a6 44. Be1 axb5 45. Bxa5 bxa4 46. Bxb6 Bf8 47. Bc5
Bg7 48. Ke2 Kf7 49. Ke3 Ke8 50. Kxe4 Kd7 51. d5 exd5+ 52. Kxd5 h6 53. g6 h5 54.
f5 h4 55. f6 h3 56. Bg1 h2 57. Bxh2 Bxf6 58. exf6 Ke8 59. Kc4 Kf8 60. Kb4 a3
61. Nxa3 Kg8 62. Kc5 Kh8 63. Bd6 Kg8 64. Nc4 Kh8 65. Nb6 Kg8 66. Nd7 Kh8 67.
Be5 Kg8 68. f7# 1-0

[Event "Hastings Masters 2019/20"]
[Site "Hastings"]
[Date "2019.12.30"]
[Round "3.1"]
[White "Howell, David W L"]
[Black "Swayams, Mishra"]
[Result "1/2-1/2"]
[WhiteElo "2676"]
[BlackElo "2479"]
[PlyCount "43"]
[EventDate "2019.12.28"]
[EventType "swiss"]
[EventRounds "9"]
[EventCountry "ENG"]

1. c4 e6 2. Nc3 d5 3. e3 Nf6 4. Nf3 Be7 5. b3 b6 6. Bb2 Bb7 7. cxd5 exd5 8. d4
O-O 9. Bd3 Nbd7 10. O-O a6 11. Ne5 Bd6 12. f4 Ne4 13. Bxe4 dxe4 14. Nxd7 Qxd7
15. f5 f6 16. Qg4 Rae8 17. h4 Rf7 18. h5 a5 19. Rf2 Kf8 20. Rc1 Ke7 21. Nxe4
Kd8 22. Nxd6 1/2-1/2

[Event "Hastings Masters 2019/20"]
[Site "Hastings"]
[Date "2019.12.30"]
[Round "3.4"]
[White "Bagi, Mate"]
[Black "Sengupta, Deep"]
[Result "1/2-1/2"]
[WhiteElo "2469"]
[BlackElo "2564"]
[PlyCount "46"]
[EventDate "2019.12.28"]
[EventType "swiss"]
[EventRounds "9"]
[EventCountry "ENG"]

1. e4 e6 2. d4 d5 3. Nc3 Bb4 4. e5 Ne7 5. a3 Bxc3+ 6. bxc3 c5 7. Qg4 cxd4 8.
Qxg7 Rg8 9. Qxh7 Qc7 10. Kd1 Nbc6 11. Nf3 dxc3 12. Ng5 Nxe5 13. f4 Rxg5 14.
fxg5 N5g6 15. Rb1 e5 16. Bb5+ Bd7 17. Rf1 O-O-O 18. Qxf7 Qc5 19. Bxd7+ Rxd7 20.
Qf3 Qd4+ 21. Qd3 Qg4+ 22. Qf3 Qd4+ 23. Qd3 Qg4+ 1/2-1/2

[Event "Hastings Masters 2019/20"]
[Site "Hastings"]
[Date "2019.12.30"]
[Round "3.7"]
[White "Petrov, Vladimir Sergeev"]
[Black "Petrov, Martin"]
[Result "0-1"]
[WhiteElo "2355"]
[BlackElo "2497"]
[PlyCount "54"]
[EventDate "2019.12.28"]
[EventType "swiss"]
[EventRounds "9"]
[EventCountry "ENG"]

1. e4 c6 2. d4 d5 3. e5 Bf5 4. Nc3 e6 5. g4 Bg6 6. Nge2 c5 7. Be3 Ne7 8. h4 h5
9. Nf4 cxd4 10. Bxd4 Nbc6 11. Nb5 Nxd4 12. Nd6+ Kd7 13. Qxd4 Nc6 14. Qc3 Bxd6
15. exd6 d4 16. Qd2 Be4 17. Rg1 hxg4 18. Rxg4 Rxh4 19. Rxh4 Qxh4 20. O-O-O Bf3
21. Re1 Qg5 22. c4 Rh8 23. Nd3 Qxd2+ 24. Kxd2 Kxd6 25. b4 b6 26. c5+ bxc5 27.
bxc5+ Kc7 0-1

[Event "Hastings Masters 2019/20"]
[Site "Hastings"]
[Date "2019.12.30"]
[Round "3.10"]
[White "Kantor, Gergely"]
[Black "Okhai, Shabir"]
[Result "1-0"]
[WhiteElo "2541"]
[BlackElo "2103"]
[PlyCount "65"]
[EventDate "2019.12.28"]
[EventType "swiss"]
[EventRounds "9"]
[EventCountry "ENG"]

1. d4 Nf6 2. c4 e6 3. Nf3 c5 4. d5 exd5 5. cxd5 d6 6. Nc3 g6 7. Nd2 Bg7 8. e4
O-O 9. Be2 Re8 10. O-O Nbd7 11. a4 a6 12. f4 c4 13. Kh1 Nc5 14. e5 dxe5 15.
fxe5 Rxe5 16. Nxc4 Re8 17. Bg5 h6 18. Bh4 Nce4 19. a5 g5 20. Nxe4 Nxe4 21. Be1
b5 22. axb6 Bb7 23. d6 Qd7 24. Na5 Rab8 25. Bc4 Rf8 26. Nxb7 Rxb7 27. Bd5 Qb5
28. Rf3 g4 29. Rf4 Be5 30. Qxg4+ Kh8 31. Bxb7 Qxb2 32. Bxe4 Qxa1 33. Rf1 1-0

[Event "Hastings Masters 2019/20"]
[Site "Hastings"]
[Date "2019.12.31"]
[Round "4.1"]
[White "Panchanathan, Magesh Chandran"]
[Black "Howell, David W L"]
[Result "1-0"]
[WhiteElo "2479"]
[BlackElo "2676"]
[PlyCount "91"]
[EventDate "2019.12.28"]
[EventType "swiss"]
[EventRounds "9"]
[EventCountry "ENG"]

1. c4 b6 2. b3 Bb7 3. Bb2 Nf6 4. e3 g6 5. Nf3 Bg7 6. Be2 O-O 7. O-O c5 8. d4 d6
9. Nc3 e6 10. Qc2 Nc6 11. Rfd1 Qe7 12. a3 Rfd8 13. d5 exd5 14. cxd5 Ne5 15. Ne1
a6 16. a4 Re8 17. Rab1 h5 18. Ba1 Rac8 19. Bc4 h4 20. h3 Nfd7 21. Qe2 Ra8 22.
Nc2 f5 23. f4 Nxc4 24. bxc4 a5 25. Re1 Ba6 26. Qd3 Nf6 27. Rxb6 Nh5 28. Nb5
Bxb5 29. cxb5 Bxa1 30. Rxa1 Ng3 31. Rc6 g5 32. fxg5 Rad8 33. b6 Qxg5 34. Rc7
Re7 35. Rb1 Rb8 36. Rxe7 Qxe7 37. Na3 Qe8 38. Nc4 Qxa4 39. Nxd6 Qd7 40. Nc4 a4
41. d6 Ne4 42. b7 Kh7 43. Rb6 a3 44. Nxa3 Qg7 45. Nc4 Rg8 46. Rb2 1-0

[Event "Hastings Masters 2019/20"]
[Site "Hastings"]
[Date "2019.12.31"]
[Round "4.2"]
[White "Edouard, Romain"]
[Black "Bagi, Mate"]
[Result "1/2-1/2"]
[WhiteElo "2653"]
[BlackElo "2469"]
[PlyCount "131"]
[EventDate "2019.12.28"]
[EventType "swiss"]
[EventRounds "9"]
[EventCountry "ENG"]

1. c4 c5 2. Nf3 Nf6 3. b3 g6 4. Bb2 Bg7 5. g3 d6 6. Bg2 e5 7. d3 Nc6 8. Nc3 O-O
9. O-O h6 10. Nd2 Rb8 11. a3 Be6 12. Nd5 Ne8 13. b4 cxb4 14. axb4 Bxd5 15. cxd5
Nxb4 16. Nc4 Na6 17. d4 Rc8 18. Qb3 exd4 19. Qxb7 Nc5 20. Qxa7 Rc7 21. Qa3 Qe7
22. Rfe1 Ne4 23. Na5 Nc3 24. Nc6 Qd7 25. Rac1 Nf6 26. Bxc3 dxc3 27. Rxc3 Re8
28. Re3 Rxe3 29. Qxe3 Rb7 30. h3 Kh7 31. Qd3 Qc7 32. Rb1 Nd7 33. Rxb7 Qxb7 34.
h4 Ne5 35. Nxe5 Bxe5 36. h5 Kg7 37. hxg6 fxg6 38. Be4 Qf7 39. Kg2 h5 40. e3 Bf6
41. Qa3 Qe7 42. Bc2 Be5 43. f4 Bf6 44. Qd3 Qe8 45. e4 Qf7 46. Bb1 Qe8 47. Qc2
Qf7 48. Qc6 Qe7 49. Bd3 Kh7 50. e5 dxe5 51. d6 Qf8 52. f5 gxf5 53. Bxf5+ Kh6
54. Be4 Qg8 55. d7 Kg7 56. Bd5 Qf8 57. Qe6 e4 58. Qe8 h4 59. Qxe4 hxg3 60. Qg4+
Kh6 61. Be4 Qf7 62. Qf4+ Kg7 63. Qxg3+ Kf8 64. Qd6+ Kg7 65. Kg3 Qe7 66. Qxe7+
1/2-1/2

[Event "Hastings Masters 2019/20"]
[Site "Hastings"]
[Date "2019.12.31"]
[Round "4.3"]
[White "Swayams, Mishra"]
[Black "Van Den Doel, Erik"]
[Result "1/2-1/2"]
[WhiteElo "2479"]
[BlackElo "2589"]
[PlyCount "24"]
[EventDate "2019.12.28"]
[EventType "swiss"]
[EventRounds "9"]
[EventCountry "ENG"]

1. c4 c6 2. Nf3 d5 3. g3 Bg4 4. Bg2 e6 5. cxd5 exd5 6. O-O Nf6 7. d3 Nbd7 8.
Nc3 Bd6 9. h3 Bh5 10. Qc2 O-O 11. e4 Re8 12. Nh4 Nc5 1/2-1/2

[Event "Hastings Masters 2019/20"]
[Site "Hastings"]
[Date "2019.12.31"]
[Round "4.4"]
[White "Sengupta, Deep"]
[Black "Bates, Richard A"]
[Result "1/2-1/2"]
[WhiteElo "2564"]
[BlackElo "2342"]
[PlyCount "124"]
[EventDate "2019.12.28"]
[EventType "swiss"]
[EventRounds "9"]
[EventCountry "ENG"]

1. d4 Nf6 2. Nf3 g6 3. Bg5 Bg7 4. Nbd2 O-O 5. c3 d5 6. e3 c5 7. Be2 Nc6 8. Bxf6
Bxf6 9. dxc5 a5 10. a4 b6 11. Bb5 Na7 12. c6 Qc7 13. e4 Rd8 14. Qe2 Nxc6 15.
Bxc6 Qxc6 16. e5 Ba6 17. Qe3 d4 18. Nxd4 Qxg2 19. O-O-O Bg7 20. f4 Qd5 21. Kb1
Rac8 22. h4 Qd7 23. h5 Qxa4 24. hxg6 hxg6 25. Rc1 Bb7 26. Rhg1 Bd5 27. b3 Qa3
28. f5 a4 29. c4 axb3 30. N4xb3 Bc6 31. Rc3 Bd7 32. e6 Bxc3 33. Qxc3 Bxe6 34.
fxe6 Rxd2 35. exf7+ Kxf7 36. Qf3+ Kg7 37. Qc3+ Kf7 38. Qf3+ Kg7 39. Nxd2 Qxf3
40. Nxf3 Rxc4 41. Ne5 Rb4+ 42. Kc2 Kf6 43. Kc3 Rb5 44. Nd7+ Kf7 45. Kc4 Rh5 46.
Nxb6 Rh4+ 47. Kc5 Rh5+ 48. Kc6 Rf5 49. Nd5 g5 50. Ne3 Rf3 51. Re1 Kf6 52. Nd5+
Kf5 53. Nxe7+ Kf4 54. Ng6+ Kg3 55. Rg1+ Kf2 56. Rxg5 Rg3 57. Rf5+ Rf3 58. Nf4
Kg3 59. Ne2+ Kf2 60. Nf4 Kg3 61. Ne2+ Kf2 62. Rxf3+ Kxf3 1/2-1/2

[Event "Hastings Masters 2019/20"]
[Site "Hastings"]
[Date "2019.12.31"]
[Round "4.5"]
[White "Williams, Simon K"]
[Black "Korneev, Oleg"]
[Result "1/2-1/2"]
[WhiteElo "2461"]
[BlackElo "2524"]
[PlyCount "22"]
[EventDate "2019.12.28"]
[EventType "swiss"]
[EventRounds "9"]
[EventCountry "ENG"]

1. d4 Nf6 2. c4 e6 3. Nf3 d5 4. Nc3 c6 5. Bg5 Nbd7 6. cxd5 exd5 7. e3 Be7 8.
Bd3 Ne4 9. Bxe7 Qxe7 10. Bxe4 dxe4 11. Nd2 f5 1/2-1/2

[Event "Hastings Masters 2019/20"]
[Site "Hastings"]
[Date "2019.12.31"]
[Round "4.6"]
[White "Petrov, Martin"]
[Black "Arkell, Keith C"]
[Result "1-0"]
[WhiteElo "2497"]
[BlackElo "2453"]
[PlyCount "176"]
[EventDate "2019.12.28"]
[EventType "swiss"]
[EventRounds "9"]
[EventCountry "ENG"]

1. e4 d5 2. exd5 Qxd5 3. Nc3 Qd8 4. d4 Nf6 5. Nf3 Bg4 6. h3 Bxf3 7. Qxf3 c6 8.
Be3 e6 9. Bd3 Nbd7 10. O-O-O Nb6 11. Kb1 Bd6 12. Ne4 Nxe4 13. Qxe4 Nd5 14. Qg4
g6 15. c3 h5 16. Qe4 Qf6 17. Rhf1 O-O-O 18. c4 Nb4 19. Be2 Qf5 20. f3 Bg3 21.
a3 Na6 22. d5 exd5 23. Qxf5+ gxf5 24. Bxa7 Nc7 25. Bd3 dxc4 26. Bxf5+ Ne6 27.
Bb6 Rd5 28. Rxd5 cxd5 29. Rd1 Kd7 30. Rxd5+ Kc6 31. Bxe6 fxe6 32. Rg5 Bd6 33.
Bd4 Rh7 34. Kc2 b5 35. Kc3 h4 36. Rg6 Kd5 37. Rg5+ e5 38. Bf2 Be7 39. Rg4 Rh8
40. Be3 Ra8 41. Kc2 Rf8 42. Bd2 Rf7 43. Be1 Rh7 44. Kd1 Rh8 45. Ke2 Rb8 46. Kd1
Rh8 47. Kc2 Rh7 48. Bb4 Bf6 49. Rg6 Rf7 50. Rh6 e4 51. fxe4+ Kxe4 52. Be1 Bg5
53. Rh5 Rf1 54. Rxg5 Rxe1 55. Rxb5 Kd4 56. Kd2 Rb1 57. Ke2 Ke4 58. Rb4 Kd4 59.
Kf3 Kc5 60. Kg4 Rg1 61. Kxh4 Rxg2 62. Kh5 Rg8 63. h4 Rh8+ 64. Kg4 Rg8+ 65. Kh3
Rh8 66. b3 cxb3 67. Rxb3 Kd5 68. a4 Ra8 69. Rb4 Ke6 70. h5 Kf6 71. h6 Kg6 72.
Rh4 Kh7 73. Kg3 Rf8 74. Kg4 Rf1 75. a5 Rf2 76. Kg3 Ra2 77. Rh5 Re2 78. Kf4 Re1
79. Kf5 Re2 80. Kf6 Re1 81. Re5 Ra1 82. Ke7 Kxh6 83. Re6+ Kg5 84. a6 Kf5 85.
Kd7 Rh1 86. Rd6 Ke5 87. Kc7 Rb1 88. Rb6 Kd5 1-0

[Event "Hastings Masters 2019/20"]
[Site "Hastings"]
[Date "2019.12.31"]
[Round "4.7"]
[White "Grieve, Harry"]
[Black "Kantor, Gergely"]
[Result "1/2-1/2"]
[WhiteElo "2299"]
[BlackElo "2541"]
[PlyCount "122"]
[EventDate "2019.12.28"]
[EventType "swiss"]
[EventRounds "9"]
[EventCountry "ENG"]

1. e4 e5 2. Nf3 Nc6 3. Bc4 Nf6 4. d3 h6 5. O-O d6 6. c3 g5 7. a4 Bg7 8. Na3 O-O
9. Nc2 Ne7 10. a5 c6 11. Bb3 Ng6 12. Re1 Re8 13. a6 b5 14. d4 Qb6 15. dxe5 dxe5
16. Be3 Qc7 17. Nb4 Bg4 18. h3 Rad8 19. Qe2 Bh5 20. Bxa7 Bxf3 21. gxf3 Nf4 22.
Qf1 c5 23. Qxb5 Qxa7 24. Nc6 Qd7 25. Bxf7+ Kxf7 26. Nxd8+ Rxd8 27. Qxd7+ Nxd7
28. Red1 Ke7 29. Rxd7+ Rxd7 30. a7 Rd8 31. a8=Q Rxa8 32. Rxa8 Nxh3+ 33. Kg2
Nf4+ 34. Kg3 h5 35. b4 cxb4 36. cxb4 Ne2+ 37. Kg2 Nd4 38. Rb8 Kd6 39. Rb6+ Kc7
40. Rg6 Bf8 41. Rxg5 Bd6 42. Rxh5 Kc6 43. f4 exf4 44. Rd5 Nb5 45. Kf3 Nc7 46.
Rxd6+ Kxd6 47. Kxf4 Kc6 48. Ke5 Na6 49. b5+ Kxb5 50. Kd5 Kb6 51. e5 Kc7 52. Ke6
Nc5+ 53. Kf7 Kd7 54. f4 Ne6 55. f5 Nd8+ 56. Kf8 Ne6+ 57. Kf7 Nd8+ 58. Kf8 Ne6+
59. Kg8 Ke7 60. fxe6 Kxe6 61. Kh8 Kxe5 1/2-1/2

[Event "Hastings Masters 2019/20"]
[Site "Hastings"]
[Date "2019.12.31"]
[Round "4.8"]
[White "Stany, GA"]
[Black "Lyell, Mark"]
[Result "1-0"]
[WhiteElo "2526"]
[BlackElo "2265"]
[PlyCount "73"]
[EventDate "2019.12.28"]
[EventType "swiss"]
[EventRounds "9"]
[EventCountry "ENG"]

1. e4 c6 2. Nc3 d5 3. Nf3 dxe4 4. Nxe4 Nf6 5. Qe2 Nxe4 6. Qxe4 Qd5 7. Qh4 Qe6+
8. Be2 Qg4 9. Qg3 Qxg3 10. hxg3 Bf5 11. b3 h6 12. Bb2 Nd7 13. O-O-O e6 14. Nh4
Bh7 15. g4 Rg8 16. f4 Bd6 17. Rdf1 O-O-O 18. g5 Nc5 19. d3 Rd7 20. Kb1 b6 21.
gxh6 gxh6 22. Rh3 Bc7 23. Rf2 Kb7 24. Be5 Bxe5 25. fxe5 Re7 26. Rf6 Rg5 27.
Rxh6 Rxe5 28. Rxh7 Rxe2 29. Rf3 a5 30. g4 Ka6 31. g5 a4 32. g6 a3 33. Rf1 Rd7
34. gxf7 Ne4 35. f8=Q Nc3+ 36. Ka1 c5 37. Rxd7 1-0

[Event "Hastings Masters 2019/20"]
[Site "Hastings"]
[Date "2019.12.31"]
[Round "4.9"]
[White "Yao, Lan"]
[Black "Gormally, Daniel W"]
[Result "1/2-1/2"]
[WhiteElo "2281"]
[BlackElo "2497"]
[PlyCount "149"]
[EventDate "2019.12.28"]
[EventType "swiss"]
[EventRounds "9"]
[EventCountry "ENG"]

1. e4 c5 2. Nf3 d6 3. d4 cxd4 4. Nxd4 Nf6 5. Nc3 a6 6. Bg5 e6 7. f4 Be7 8. Qf3
Qc7 9. O-O-O Nbd7 10. Qg3 b5 11. a3 Rb8 12. Be2 b4 13. axb4 Rxb4 14. e5 dxe5
15. fxe5 Nxe5 16. Bf4 Nfd7 17. Nxe6 fxe6 18. Bh5+ g6 19. Rxd7 Nd3+ 20. Rxd3
Rxf4 21. Ne2 Rf7 22. Bf3 Qa5 23. Bc6+ Kf8 24. Kb1 Kg7 25. Rhd1 Bf6 26. Nd4 e5
27. Nb3 Qb4 28. Bd5 Re7 29. Qe1 Qxe1 30. Rxe1 Bf5 31. Be4 Rc8 32. Rd6 Rec7 33.
c3 Rb8 34. Nd2 Rxc3 35. Rxa6 Rc7 36. Ka1 Rb4 37. Rf1 Rf7 38. Bxf5 gxf5 39. Rxf5
e4 40. Rc5 e3 41. Nf3 e2 42. Rc2 Re7 43. Rac6 e1=Q+ 44. Nxe1 Rxe1+ 45. Ka2 Ra4+
46. Kb3 Rf4 47. R6c4 Re3+ 48. Kb4 Be7+ 49. Ka4 Rxc4+ 50. Rxc4 Re2 51. Rg4+ Kf6
52. b3 h5 53. Rg8 Bd6 54. Rh8 Kg6 55. h3 Re4+ 56. Kb5 Rb4+ 57. Kc6 Be7 58. Rg8+
Kf7 59. Rg3 Rd4 60. Rf3+ Kg6 61. Rg3+ Kf5 62. Re3 Bg5 63. Rc3 Kg6 64. Kc5 Rd2
65. g3 Rh2 66. g4 h4 67. b4 Be7+ 68. Kc4 Bf6 69. Rb3 Kg5 70. b5 Be5 71. Rf3 Bf4
72. b6 Rc2+ 73. Kb5 Rb2+ 74. Kc6 Rc2+ 75. Kb5 1/2-1/2

[Event "Hastings Masters 2019/20"]
[Site "Hastings"]
[Date "2019.12.31"]
[Round "4.10"]
[White "Flear, Glenn C"]
[Black "Wall, Tim P"]
[Result "1-0"]
[WhiteElo "2440"]
[BlackElo "2218"]
[PlyCount "87"]
[EventDate "2019.12.28"]
[EventType "swiss"]
[EventRounds "9"]
[EventCountry "ENG"]

1. d4 d5 2. c4 e6 3. Nc3 c5 4. cxd5 exd5 5. dxc5 d4 6. Na4 Nc6 7. Nf3 Bxc5 8.
Nxc5 Qa5+ 9. Bd2 Qxc5 10. Rc1 Qb6 11. e3 Qxb2 12. exd4 Nf6 13. Bc4 O-O 14. Bc3
Qa3 15. O-O Bg4 16. d5 Rad8 17. Qd2 Bxf3 18. gxf3 Ne7 19. Bb4 Qxf3 20. Qe3 Qg4+
21. Qg3 Qxg3+ 22. hxg3 Rfe8 23. Bb5 Nexd5 24. Ba5 b6 25. Bxe8 Rxe8 26. Bd2 h6
27. Rfe1 Rd8 28. Re2 Kh7 29. Kg2 Kg6 30. Kf3 Rd7 31. Bc3 Nc7 32. Rd2 Rxd2 33.
Bxd2 Ne6 34. Be3 Nd5 35. Rc8 Nxe3 36. Kxe3 Nc5 37. Rc7 Kf6 38. Rxa7 Ke6 39. Kd4
h5 40. Kc4 Nd7 41. Kb5 Kd6 42. Ra8 g6 43. Rh8 Kd5 44. Rh7 1-0